Statystyki dla Wymień wszystkie części Assassin's Creed

Kliknij tutaj aby rozwiązać quiz!

Ogólne statystyki

  • Ten quiz został rozwiązany 445 razy
  • Średni wynik to 9 z 12

Statystyki odpowiedzi

HintOdpowiedź% Poprawnych
1Assassin's Creed
100%
2Assassin's Creed 2
97%
5Assassin's Creed 3
94%
11Assassin's Creed Origins
88%
12Assassin's Creed Odyssey
87%
3Assassins Creed Brotherhood
83%
9Assassin's Creed Unity
82%
4Assassin's Creed Revelations
76%
10Assassin's Creed Syndicate
76%
7Assassin's Creed 4 Black Flag
70%
6Assassin's Creed Liberation
44%
8Assassin's Creed Freedom Cry
19%

Rozkład punktacji

Percentyl według liczby udzielonych odpowiedzi

Procent ludzi z każdym wynikiem

Twoja historia wyników

Nie rozwiązałeś tego quizu